Urbanística de las grandes ciudades del mundo antiguo

Gardado en:
Detalles Bibliográficos
Autor Principal: García y Bellido, Antonio (Author)
Formato: Libro
Idioma:Lingua castelá
Publicado: Madrid Consejo Superior de Investigaciones Científicas 2009
Edición:3a. ed
Series:Textos Universitarios, 45
Subjects:
Tags: Engadir etiqueta
Sen Etiquetas, Sexa o primeiro en etiquetar este rexistro!

MARC

LEADER 00000nam a2200000 a 4500
001 UCG0508
003 CL-VaPUC
008 100325e20090000SP |||||||||||||||||spa|d
020 |a 9788400088781 
082 0 4 |a 711.4  |b GAR  |2 21 
100 |a García y Bellido, Antonio  |e author  |9 547964 
245 1 0 |a Urbanística de las grandes ciudades del mundo antiguo 
250 |a 3a. ed 
300 |a 411 p 
942 |c BK 
945 |d 20100325 00:00:00  |a cmena 
260 |a Madrid  |b Consejo Superior de Investigaciones Científicas  |c 2009 
650 0 |a Planificación urbana   |9 258176 
650 0 |a Urbanismo  |9 255208 
650 0 |a Ciudades antiguas  |9 322407 
650 0 |a Arquitectura antigua  |9 262616 
583 |a last modification  |c 20130325 05:17:07  |k Rodrigo Vera 
490 0 |a Textos Universitarios, 45 
999 |c 340130  |d 340128 
952 |0 0  |1 0  |4 0  |6 711_400000000000000_GAR_2009  |7 0  |8 A  |9 434645  |a BIBARQ  |b BIBARQ  |d 2019-11-22  |i 4656962  |o 711.4 GAR 2009  |p 4656962  |r 2025-01-20  |w 2019-11-22  |y BK  |k ARQ